Colonias escolares quarta, quinta, sexta y séptima y sopa escolar / (Record no. 43090)

MARC details
000 -LEADER
campo de control de longitud fija 00586nam a2200157 i 4500
001 - NÚMERO DE CONTROL
campo de control 43090
003 - IDENTIFICADOR DE NÚMERO DE CONTROL
campo de control ES-MaACL
005 - FECHA Y HORA DE LA ÚLTIMA TRANSACCIÓN
campo de control 20230906160730.0
007 - CAMPO FIJO DE DESCRIPCIÓN FÍSICA--INFORMACIÓN GENERAL
campo de control de longitud fija t|
008 - DATOS DE LONGITUD FIJA--INFORMACIÓN GENERAL
campo de control de longitud fija 030314s1897 sp ||||1| spa d
245 00 - MENCIÓN DEL TÍTULO
Título Colonias escolares quarta, quinta, sexta y séptima y sopa escolar /
Mención de responsabilidad, etc. memoria publicada por acuerdo de la Sociedad de Colonias Escolares de Vacaciones, agosto 1897.
260 ## - PUBLICACIÓN, DISTRIBUCIÓN, ETC.
Lugar de publicación, distribución, etc. Granada :
Nombre del editor, distribuidor, etc. [s.n.],
Fecha de publicación, distribución, etc. 1897 (
Fabricante Imp. de José López Guevara)
300 ## - DESCRIPCIÓN FÍSICA
Extensión 35 p., [4] h. pleg. ;
Dimensiones 25 cm.
650 #4 - PUNTO DE ACCESO ADICIONAL DE MATERIA--TÉRMINO DE MATERIA
Término de materia o nombre geográfico como elemento de entrada Colonias escolares-
Subdivisión geográfica España.
9 (RLIN) 148577
852 ## - LOCALIZACIÓN
Ubicación ES-MaACL
Número de control de estantería T-866-F-14
Holdings
Estatus retirado Estado de pérdida Estado de daño No para préstamo Colección Biblioteca de origen Biblioteca actual Ubicación en estantería Fecha de adquisición Fuente de adquisición Total de préstamos Signatura topográfica completa Código de barras Visto por última vez Precio de reemplazo Tipo de ítem Koha
        Colección de folletos Biblioteca del Ateneo de Madrid Biblioteca del Ateneo de Madrid Depósito folletos 17/01/2008     T-866-F-14 1045356 23/02/2023 23/02/2023 Folleto